Sociální normy soukromého práva a jejich místo ve struktuře soukromého práva

Pojem sociálna norma súkromného práva. Národné a európsky sociálny model a otázky ich realizácie prostredníctvom práva na úrovni práva Európskej únie resp. na úrovni národných štátov.

Saved in:
Bibliographic Details
Main Author: Hurdík, Jan
Format: Book Chapter
Language:Czech
Subjects:
Tags: Add Tag
No Tags, Be the first to tag this record!

MARC

LEADER 00000naa a2200000 4500
001 0249469
005 20181211103525.9
041 0 |a cze 
044 |a SK 
245 1 0 |a Sociální normy soukromého práva a jejich místo ve struktuře soukromého práva  |c Jan Hurdík 
520 |a Pojem sociálna norma súkromného práva. Národné a európsky sociálny model a otázky ich realizácie prostredníctvom práva na úrovni práva Európskej únie resp. na úrovni národných štátov. 
610 2 0 |a právo súkromné 
610 2 0 |a právo európske 
610 2 0 |a normy sociálne 
610 2 0 |a modely sociálne 
610 2 0 |a solidarita 
610 2 0 |a politika sociálna 
100 1 |a Hurdík, Jan